Memento

Hlavní autor: Novák, Petr, 1945-1997
Korporativní autor: George & Beatovens (hudební skupina)
Jazyk: Čeština
Vydáno: Praha : Panton, p1990
Témata:
Externí odkaz: Digitalizovaný dokument
Fyzický popis: 1 LP deska : 33 ot/min, stereo ; 30 cm + 1 slož. list.
Zvukové nahrávky
Uloženo v:
LEADER 01733njm a2200517 a 4500
001 000411911
003 CZ BrMZK
005 20161129141012.0
008 950101s1990 xr f cze d
028 0 3 |a 81 0962-1311  |b Panton 
040 |a BOA001  |b cze 
080 |a 784.4.03(086.7)  |2 MRF 
100 1 |a Novák, Petr,  |d 1945-1997  |7 jn19990218076  |4 prf 
245 1 0 |a Memento  |h [zvukový záznam] /  |c Petr Novák. 
246 3 3 |a Sladce a pomalu 
246 3 3 |a Temná řeka 
246 3 3 |a To si piš 
246 3 3 |a V hospodě Na hrázi 
246 3 3 |a Vězení 
246 3 3 |a Zpackaná láska 
246 3 3 |a Abstinenční blues 
246 3 3 |a Chorobopisy 
246 3 3 |a Chtěl bych se vrátit 
246 3 3 |a Co budem dělat? 
246 3 3 |a Dej mi mou dávku 
246 3 3 |a Je nám fajn 
246 3 3 |a Je to levné a silné a dobré 
246 3 3 |a Jenom mi nelži 
246 3 3 |a Jsme jenom vaše děti 
246 3 3 |a Líné nesmysly 
246 3 3 |a Moře 
246 3 3 |a My jsme ti zbyteční 
260 |a Praha :  |b Panton,  |c p1990 
300 |a 1 LP deska :  |b 33 ot/min, stereo ;  |c 30 cm +  |e 1 slož. list. 
500 |a Texty písní v doprovod. mater. 
500 |a Nahr. 1989 
500 |a Durata neuv 
505 2 |a Chtěl bych se vrátit, Co budem dělat?, V hospodě Na hrázi...[et al.] 
511 0 |a George & Beatovens 
653 0 |a rocková hudba 
710 2 |a George & Beatovens (hudební skupina)  |7 ko2003162168 
856 4 1 |u http://www.digitalniknihovna.cz/mzk/uuid/uuid:7635a759-7ea1-495b-b21f-dabb557bc382  |y Digitalizovaný dokument 
910 |a BOA001  |b LP-0000.307 
964 |a Hudba rocková  |x LP 
990 |a AV 
996 6 |b 261H000318  |c LP-0000.307  |l MZK  |r Sklad / do 24 hodin  |n 0  |w 000411911  |u 000010  |a 1  |e BOA001  |j MZK50  |s P